Fobieën Quiz - Statistieken

Algemene statistieken
  • Deze quiz is 5 keer genomen
  • De gemiddelde score is 8 van 20
Antwoordstatistieken
Hint Antwoord % Correct
Arachnofobie Spinnen
100%
Zoöfobie Dieren
80%
Claustrofobie Kleine ruimtes | Afgesloten ruimtes
80%
Hydrofobie Water
80%
Necrofobie Dood | Doden
60%
Aviofobie Vliegen
60%
Pyrofobie Vuur
60%
Hemofobie Bloed
40%
Androfobie Mannen
40%
Ophidiofobie Slangen
40%
Technofobie Technologie
40%
Acrofobie Hoogtevrees
20%
Gymnofobie Naaktheid
20%
Glossofobie Spreken in het openbaar
20%
Xenofobie Vreemden | Buitenlanders
20%
Triskaidekafobie 13
0%
Apifobie Bijen
0%
Chorofobie Dansen
0%
Kynofobie Honden
0%
Agorafobie Open ruimtes | Drukke plekken
0%
Geen overeenkomende quizzen gevonden
Scoreverdeling
Procent van Mensen met Elke Score
Percentiel versus Aantal Correcte Antwoorden
Uw Scoregeschiedenis
U heeft deze quiz nog niet genomen